[Event "Niederbayernliga 0506"]
[Site "Germany"]
[Date "2006.??.??"]
[Round "9"]
[White "Stroeher, Wolfgang"]
[Black "Goede, Andreas"]
[Result "1-0"]
[WhiteElo "2001"]
[BlackElo "1885"]
[PlyCount "65"]
[EventDate "2005.??.??"]
[EventType "team"]
[EventRounds "9"]
[EventCountry "GER"]
[SourceTitle "EXT 2008"]
[Source "ChessBase"]
[SourceDate "2007.11.25"]
[SourceVersion "1"]
[SourceVersionDate "2007.11.25"]
[SourceQuality "1"]
[WhiteTeam "Straubing"]
[BlackTeam "Vilshofen"]
[WhiteTeamCountry "GER"]
[BlackTeamCountry "GER"]

1. d4 d5 2. Nc3 c6 3. Bg5 h6 4. Bh4 Bf5 5. e3 Nd7 6. Bd3 Bxd3 7. cxd3 Qb6 8. Rb1 Ngf6 9. Nf3 e6 10. 0-0 Be7 11. Ne5 Nxe5 12. dxe5 Nd7 13. Bxe7 Kxe7 14. d4 Rhe8 15. b4 Kf8 16. Qc2 Kg8 17. f4 f5 18. g4 g6 19. Rf3 Kf7 20. Rg3 Rh8 21. Kh1 Rag8 22. Na4 Qc7 23. Nc5 Nb6 24. Rbg1 Nc4 25. Nxe6 Nxe3 26. Rxe3 Kxe6 27. Reg3 Qf7 28. Qc5 Qf8 29. gxf5+ Kxf5 30. Qc2+ Ke6 31. Rxg6+ Kd7 32. Rxg8 Rxg8 33. Qh7+ 1-0